000 00914nam a2200253 a 4500
001 881
003 BR-CuiBMT
005 20231122145816.0
008 230711s2010 mgb 001 0 por d
020 _a9788577003280
040 _aBR-CuiBMT
_cBR-CuiBMT
080 _a351.94:336.148
_22007
090 _a351.94:336.148
_bD136f
100 1 _aDal Passo, Gabriela Tomaselli Bresser Pereira
245 1 3 _aAs funções do tribunal de contas e o estado de direito /
_cGabriela Tomaselli Bresser Pereira Dal Pozzo; prefácio Maria Garcia.
260 _aBelo Horizonte :
_bFórum,
_c2010.
300 _a128 p. :
_c22 cm
504 _aInclui bibliografia e índice.
650 _aTribunal de contas
_xControle e competência
_zBrasil
650 _aFiscalização financeira e orçamentária
_zBrasil
650 _aTribunal de contas
_xControle externo
650 _aTribunal de contas
_xControle interno
942 _2udc
_cLV
999 _c881
_d881